000 00197nam a2200085Ia 4500
008 120527s9999 xx 000 0 und d
100 _aCl;egg & Frank
245 _aMultivariable calculus
942 _cBK
999 _c27782
_d27782